000 00318nam a2200121 a 4500
001 000042530
005 20201002040221.0
008 131210s1974 000 spa d
040 _aDO-SdBNP
_bspa
_cBNPHU
245 3 _aEl Monasterio de Suso :.
260 _a[s.l.], :
_bSagredo,
_c1974.
300 _a30 p. :
_bil ;
_c22 cm.
999 _c42019
_d42019